Sherlock Holmes Quiz - Statistics

General Stats
  • This quiz has been taken 83 times
  • The average score is 10 of 21
Answer Stats
Hint Answer % Correct
Narcotic that Holmes' uses to relieve his boredom Cocaine
95%
First name of Sherlocks faithful companion Dr. Watson John
94%
Address of Sherlock Holmes' residence 221B Baker Street
90%
Name of Sherlock Holmes' older brother Mycroft
89%
Name of the women who outsmarts Holmes in "A Scandal in Bohemia" Irene Adler
79%
Word written in blood in "A Study in Scarlet" Rache
73%
Name of the waterfall where Sherlock Holmes defeats Moriarty Reichenbach Falls
70%
Name of Sherlock Holmes' profession Consulting Detective
60%
What is the speckled band? Snake
54%
Name of Sherlock Holmes' unofficial police force Baker Street Irregulars
44%
What is the Vermissa Valley known as? The Valley of Fear
38%
Who is the murderer in "Silver Blaze?" The horse
37%
Leader of the above group Wiggins
35%
Name of the dog Holmes and Watson use in "Sign of Four" Toby
33%
Weekly pay provided by the Red-Headed League (in pounds) 4
29%
What was Sherlock Holmes' first case? Gloria Scott
22%
Old fort which is an important locale in the "Sign of Four" Agra
17%
German spy Holmes foils in His Last Bow Von Bork
10%
Kind of bullet that Watson was wounded with in Afghanistan Jezial
6%
Infamous lodge number in Vermissa 341
3%
John McMurdo is a part of this society Eminent Order of Freemen
2%
No matching quizzes found
Score Distribution
Percent of People with Each Score
Percentile by Number Answered
Your Score History
You have not taken this quiz